| 000 | 00905 a2200277 4500 | ||
|---|---|---|---|
| 999 |
_c200423916 _d32038 |
||
| 001 | 200423916 | ||
| 003 | TR-AnTOB | ||
| 005 | 20200525122327.0 | ||
| 008 | 160226b tu 000 0 | ||
| 040 |
_aTR-AnTOB _btur _erda _cTR-AnTOB |
||
| 041 | 0 | _atur | |
| 050 | 0 | 0 |
_aHV6626.23 _bA54 2012 |
| 090 | _aHV6626.23 A54 2012 | ||
| 111 | 1 |
_9112296 _aUluslararası Aile Konferansı _n(II. : _d2012 : _cİstanbul) |
|
| 245 | 1 | 0 |
_aAile ve şiddet : _btebliğler / _cKadın Platformu. |
| 246 | 1 | 3 | _aUluslararası aile konferansı-II |
| 264 |
_aİstanbul: _bGazeteciler ve Yazarlar Vakfı Kadın Platformu , _c2012. |
||
| 300 |
_a124 pages ; _c24 cm. |
||
| 336 |
_atext _2rdacontent _btxt |
||
| 337 |
_aunmediated _2rdamedia _bn |
||
| 338 |
_avolume _2rdacarrier _bnc |
||
| 650 | 0 |
_aFamily violence _vCongresses _9112298 |
|
| 650 | 7 |
_aAile içi şiddet _vKongreler _2etuturkob _9112297 |
|
| 942 |
_cBK _2lcc |
||